|
|
|
|
| LEADER |
00730 a2200205 4500 |
| 008 |
140116b xxu||||| |||| 00| 0 eng d |
| 020 |
|
|
|a 9788132110118
|
| 082 |
|
|
|a 304.28
|
| 100 |
|
|
|a Bell, Michael Mayerfeld
|
| 245 |
|
|
|a An invitation to environmental sociology/
|c Michael Mayerfeld Bell and Michael S.Carolan.
|
| 250 |
|
|
|a 4
|
| 260 |
|
|
|c 2012.
|b Sage,
|a Los Angeles:
|
| 300 |
|
|
|a xi,383p.
|c 24cm.
|
| 650 |
|
|
|a Environmental sociology.
|
| 650 |
|
|
|a Environmental problems.
|
| 650 |
|
|
|a Pollution.
|
| 700 |
|
|
|a Carolan,Michael S.
|
| 942 |
|
|
|2 ddc
|c BK
|
| 999 |
|
|
|c 100868
|d 100868
|
| 952 |
|
|
|0 0
|1 0
|4 0
|6 304_280000000000000_BEL_I
|7 0
|9 100819
|a UL
|b UL
|c ST1
|d 2013-06-13
|e 2
|g 361.35
|l 3
|m 2
|o 304.28 BEL/I
|p 89519
|r 2016-12-09
|s 2016-11-25
|v 495.00
|y BK
|